Lyrics to 'Salir Con Vida' by Morat - Statistics

General Stats
  • This quiz has been taken 25 times
  • The average score is 273 of 279
Answer Stats
Answer % Correct
a
100%
acto
100%
aunque
100%
"baby
100%
baby
100%
bailar
100%
Bebé
100%
beso
100%
boca
100%
botella?
100%
brazos
100%
con
100%
Con
100%
consíguela
100%
contigo
100%
cristales
100%
cualquiera
100%
cuando
100%
dale
100%
daño
100%
de
100%
Dejé
100%
detuviera
100%
dije
100%
Dijiste
100%
dijiste
100%
el
100%
en
100%
entre
100%
era
100%
escogieras
100%
esta
100%
estaba
100%
Estaban
100%
estabas
100%
extrañarte
100%
fumar?
100%
gata
100%
hagas
100%
haría
100%
Hoy
100%
iba
100%
imposible
100%
intentara
100%
invisible
100%
Justo
100%
la
100%
lo
100%
los
100%
más
100%
materiales
100%
me
100%
Me
100%
mi
100%
Mi
100%
mis
100%
multitud?
100%
no
100%
No
100%
noche
100%
nunca
100%
Nunca
100%
olvidarte
100%
oscuros
100%
¿Otra
100%
otra
100%
pedazos
100%
pensar
100%
pensé
100%
perreándote
100%
pídela
100%
pido
100%
Porque
100%
prendida
100%
probable
100%
que
100%
Que
100%
Qué
100%
quedar
100%
querías
100%
quién
100%
¿Quieres
100%
Quiero
100%
reloj
100%
saliera
100%
salir
100%
se
100%
ser
100%
sería
100%
Sería
100%
100%
Si
100%
síguela"
100%
sol
100%
Solo
100%
soltaba
100%
suicida
100%
te
100%
tener
100%
tengo
100%
tenía
100%
to
100%
tocándote
100%
toda
100%
todos
100%
100%
100%
un
100%
una
100%
vale
100%
vayas
100%
ver
100%
verte
100%
vida
100%
vuelve
100%
Y
100%
¿Y
100%
y
100%
yo
100%
acera
80%
amaría
80%
bellaquera
80%
besos
80%
daría
80%
despediría
80%
despídela
80%
día
80%
ey
80%
ganas
80%
Mil
80%
notaste
80%
Pero
80%
prender
80%
Quédate
80%
quedes
80%
rico
80%
salida
80%
sentados
80%
soltera
80%
tienes
80%
videítos
80%
bajarme
60%
nea
60%
wow
60%
No matching quizzes found
Score Distribution
Percent of People with Each Score
Percentile by Number Answered
Your Score History
You have not taken this quiz